| 000 | 00543nam a2200145Ia 4500 | ||
|---|---|---|---|
| 008 | 170221s9999 xx 000 0 und d | ||
| 100 | _aMazri Yaakob | ||
| 245 | _aCritical Success Factors to Implementing Building Information Modeling in Malaysia Construction Industry | ||
| 245 | _cMazri Yaakob, Wan Nur Athirah Wan Ali, Kamaruddin Radzuan | ||
| 260 | _bInternational Review of Management and Marketing | ||
| 260 | _c2013 | ||
| 300 | _a2 : 3 | ||
| 650 | _xMarketing. | ||
| 856 | _uhttp://www.econjournals.com/index.php/irmm/issue/view/97 | ||
| 999 |
_c313871 _d313871 |
||